000 02307nam0a2200397 i 4500
001 RU\NLR\bibl\1938637
005 20260408085039.0
010 _a9785944762511
_9100
021 _aRU
_b2012-58472
_94276
035 _a(nilc)RSL-KNO-005477790
035 _a(NLR Aleph) 001927924
090 _a3395523
_c3395523
100 _a20120813d2011 k y0rusy50 ca
101 0 _arus
102 _aRU
105 _ac |||||||||
200 1 _aАктуальные проблемы фармакологии
_eматериалы научной конференции молодых ученых и аспирантов, посвященной 120-летию кафедры фармакологии СибГМУ и 90-летию со дня рождения профессора А.С. Саратикова
_fпод ред. А.И. Венгеровского, О.Е. Ваизовой
210 _aТомск
_cИзд-во Печатная мануфактура
_d2011
215 _a81 с.
_cпортр.
_d20
300 _aВ надзаг.: М-во здравоохранения и социал. развития Рос. Федерации, Гос. бюджет. образоват. учреждение высш. проф. образования "Сиб. гос. мед. ун-т", Каф. фармакологии
320 _aБиблиогр. в конце ст.
600 1 _aСаратиков
_bА.С.
_f1921 - 2004
_gАльберт Самойлович
_92126286
_3RU\NLR\auth\661587155
606 1 _aФармакология
_jСъезды, совещания и т.п.
_9935345
_3RU\NLR\auth\6626577
686 _aР28я431(2)
_2rubbk
686 _aР28я431(2)
686 _aР.г(2)7д.Саратиков
702 1 _aВенгеровский
_bА. И.
_gАлександр Исаакович
_4340
702 1 _aСаратиков
_bА. С.
_f1921-2004
_gАльберт Самойлович
_4570
712 0 2 _4570
_aСибирский государственный медицинский университет
_bКафедра фармакологии
_cТомск
_9337985
_3RU\NLR\AUTH\8810226687
801 0 _aRU
_bRuMoRKP
_c20120813
_grcr
801 1 _aRU
_bРГБ
_c20120813
801 2 _aRU
_bNLR
_c20120829
_grcr
830 _aРед. по ЭК
942 _cBOOK
980 _aNBR